000 00941nam0a22002651 4500
001 rc\4284952
005 20260407141037.0
021 _aRU
_b66-ОЭ-2692/5
021 _aRU
_bРг7650-66
035 _a(NLR Aleph) 008248699
090 _a8321988
_c8321988
100 _a20130416d1966 |||y0rusy50 ca
101 0 _arus
_aeng
_afre
_ager
_aspa
102 _aRU
105 _aa z |||||
200 1 _aАппарат для перевязки сосудов
_e[Модель] 253
_fВ/О "Медэкспорт"
210 _aЛенинград
_cВнешторгиздат. ЛО
_d[1966]
215 _a24 с.
_cил.
_d22
300 _aТекст парал. на рус., англ., фр. нем. и исп. яз.
712 0 2 _a"Медэкспорт", всесоюзное объединение
_3RU\NLR\AUTH\8810008531
_9514809
801 0 _aRU
_bNLR
_gpsbo
801 1 _aRU
_bELAR
_2rusmarc
852 _aNLR
_j66-6/11070
942 _cBOOK
980 _aNB